00551 2200217 4500001002100000005001500021035002000036007000300056008004100059020002200100082001000122084001600132100001100148245006600159250001100225260003400236300002900270650001300299990001000312990001100322INLIS00000000001119520220330025222 a0010-0322000374ta220330 g 0 ind  a978-602-9186-99-4 a746.4 a746.4 YOH t0 aYOHANA1 aTaplak Rajut Cantik dengan Beragam Bentuk dan Warna /cYohana aCet. 1 aSurabaya :bTiara Aksa,c2014 a72 hlm :b.ilus ;c21 cm 4aMENYULAM a15279 a15279a